000 00286nam a22001217a 4500
082 _a894.812.3
_bSAT/S
100 _aSATHEESAN
245 _aSWAMI AYYAPPAN
260 _aTHRISSUR
_bH&C PUBLISHING HOUSE
_c2007
300 _a80
650 _aMALAYALAM HINDU SHORT STORY
_zKERALA
942 _cBK
999 _c1269
_d1269